|
|
|
|
| LEADER |
00000ngm a22000007i 4500 |
| 001 |
IT\ICCU\MOD\0318467 |
| 003 |
ItRI |
| 005 |
20260124182830.0 |
| 008 |
010330q19001999it |||||||||||||||k|||||c |
| 040 |
|
|
|b ita
|
| 041 |
|
7 |
|a ita
|2 ISO-639-2
|
| 245 |
0 |
0 |
|a Giulia /
|c directed by Fred Zinnemann ; produced by Richard Roth ; screenplay by Alvin Sargent ; based upon the story Lillian Hellman ; music by Georges Delerue.
|
| 246 |
1 |
1 |
|a Julia
|9 IT\ICCU\MOD\0550303
|
| 246 |
1 |
3 |
|a Giulia <videoregistrazione>
|9 IT\ICCU\MOD\0895410
|
| 260 |
|
|
|a Milano :
|b Panarecord,
|c [19..]
|
| 300 |
|
|
|a 1 videocassetta (VHS) (ca. 113 min.) :
|b color., son
|
| 500 |
|
|
|a Interpreti: Jane Fonda, Vanessa Redgrave, Jason Robards ... [et al.]
|
| 500 |
|
|
|a Ripr. del film del 1977 prod. USA
|
| 500 |
|
|
|a Doppiato in italiano
|
| 500 |
|
|
|a Descrizione basata sul contenitore
|
| 500 |
|
|
|a NE: VF-M 12323.
|
| 700 |
1 |
|
|a Hellman, Lillian
|0 IT\ICCU\RAVV\029585
|
| 700 |
1 |
|
|a Zinnemann, Fred
|0 IT\ICCU\VEAV\014560
|
| 942 |
|
|
|2 ddc
|c VM
|n 0
|
| 952 |
|
|
|0 0
|1 0
|4 0
|6 VO_113_000000000000000
|7 0
|9 26922
|a BO
|b BO
|d 2026-01-24
|i 6311
|l 0
|o VO 113
|p BO6311
|r 2026-01-24 18:28:30
|w 2026-01-24
|x [Sebina 5] [1 videocassetta]
|y VM
|z 1 videocassetta
|
| 999 |
|
|
|c 22773
|d 22773
|